Java: The Complete Reference (Record no. 83326)
[ view plain ]
| 000 -LEADER | |
|---|---|
| fixed length control field | 00407nam a2200169Ia 4500 |
| 003 - CONTROL NUMBER IDENTIFIER | |
| control field | STCL |
| 008 - FIXED-LENGTH DATA ELEMENTS--GENERAL INFORMATION | |
| fixed length control field | 181203s9999 xx 000 0 und d |
| 020 ## - INTERNATIONAL STANDARD BOOK NUMBER | |
| International Standard Book Number | 9780070636774 |
| 040 ## - CATALOGING SOURCE | |
| Original cataloging agency | STCL |
| Language of cataloging | EN |
| Transcribing agency | STCL |
| 082 ## - DEWEY DECIMAL CLASSIFICATION NUMBER | |
| Edition number | 22 |
| 100 ## - MAIN ENTRY--PERSONAL NAME | |
| Personal name | Schildt, Herbert |
| 245 #0 - TITLE STATEMENT | |
| Title | Java: The Complete Reference |
| 260 ## - PUBLICATION, DISTRIBUTION, ETC. (IMPRINT) | |
| Name of publisher, distributor, etc. | McGraw Hill Education |
| Place of publication, distribution, etc. | New Delhi |
| Date of publication, distribution, etc. | 2014 |
| 300 ## - PHYSICAL DESCRIPTION | |
| Extent | 1024 |
| 546 ## - LANGUAGE NOTE | |
| Language note | English |
| 942 ## - ADDED ENTRY ELEMENTS (KOHA) | |
| Source of classification or shelving scheme | Dewey Decimal Classification |
| Koha item type | Book |
| Withdrawn status | Lost status | Source of classification or shelving scheme | Damaged status | Not for loan | Home library | Current library | Shelving location | Date acquired | Cost, normal purchase price | Total Checkouts | Total Renewals | Full call number | Barcode | Date last seen | Date last checked out | Price effective from | Koha item type |
|---|---|---|---|---|---|---|---|---|---|---|---|---|---|---|---|---|---|
| Dewey Decimal Classification | Santhome Athenaeum | Santhome Athenaeum | General Stacks | 10/06/2015 | 650.00 | 12 | 7 | 005.133 SCH-H | 92466 | 15/07/2019 | 15/07/2019 | 10/06/2015 | Book | ||||
| Dewey Decimal Classification | Santhome Athenaeum | Santhome Athenaeum | General Stacks | 10/06/2015 | 650.00 | 16 | 7 | 005.133 SCH-H | 92467 | 26/09/2024 | 04/09/2024 | 10/06/2015 | Book | ||||
| Dewey Decimal Classification | Santhome Athenaeum | Santhome Athenaeum | General Stacks | 10/06/2015 | 650.00 | 15 | 7 | 005.133 SCH-H | 92468 | 23/10/2024 | 01/10/2024 | 10/06/2015 | Book | ||||
| Santhome Athenaeum | Santhome Athenaeum | General Stacks | 19/10/2022 | 3 | 005.13 SCH-C | 96478 | 21/10/2024 | 03/10/2024 | 19/10/2022 | Book | |||||||
| Santhome Athenaeum | Santhome Athenaeum | General Stacks | 29/07/2023 | 005.13 SCH-J | J00565 | 29/07/2023 | 29/07/2023 | Book | |||||||||
| Santhome Athenaeum | Santhome Athenaeum | General Stacks | 29/07/2023 | 005.13 SCH-J | J01168 | 29/07/2023 | 29/07/2023 | Book | |||||||||
| Santhome Athenaeum | Santhome Athenaeum | General Stacks | 29/07/2023 | 2 | 2 | 005.13 SCH-J | J00563 | 04/10/2024 | 11/09/2024 | 29/07/2023 | Book |